| 000 | 01446nam a22003497a 4500 | ||
|---|---|---|---|
| 001 | BRCA_9314 | ||
| 003 | FranzMayer | ||
| 005 | 20230918115513.0 | ||
| 008 | 230816b |||||||| |||| 00| 0 eng d | ||
| 020 | _a9788874396153 | ||
| 040 |
_aMFM _bespañol _cMFM |
||
| 050 | 0 |
_aNK5100.I8 _bA75 2011 |
|
| 110 | 1 |
_4Responsable _aMuseo Ariana, Génova _929040 |
|
| 240 |
_aBaldwin/Guggisberg _hAu-dela du verre/Beyond Glass _lFrench/English |
||
| 245 | 0 |
_aBaldwin/Guggisberg _bAu-dela du verre/Beyond Glass |
|
| 260 |
_aItalia _bGrafiche Flaminia, Foligno _c2011 |
||
| 300 |
_a192 p _bIlustraciones a color _c25 cm |
||
| 500 | _aAnexo 1 | ||
| 505 | _aTexto en: frunces e inglés Incluye índice temático Incluye bibliografía (176-187 pp.)Dirigido a: Artistas, expertos en arte, decoradores, museógrafos. | ||
| 650 | 1 |
_2Artes decorativas _aArtes aplicadas _vDecoración y ornamentación _929041 |
|
| 651 | 2 |
_2Otras artes y artes industriales _aViderio _vExhibiciones en Italia _929042 |
|
| 700 | 1 |
_4Dir. _aNaef Galuba, Isabelle _929043 |
|
| 700 | 1 |
_4Coord. _aGuggisberg, Monica _929044 |
|
| 700 | 1 |
_4Coord. _aBaldwin, Philip _929045 |
|
| 700 | 1 |
_4Trad. _aBaldwin, Naja _929046 |
|
| 700 | 1 |
_4Trad. _aFiette, Deborah _929047 |
|
| 700 | 1 |
_4Trad. _aMolina, Rosa _929048 |
|
| 700 | 1 |
_4Trad. _aSenger, Francoise _929049 |
|
| 700 | 1 |
_4Trad. _aSiebenthal de, Catherine _929050 |
|
| 700 | 1 |
_4Fot. _aYverdor, Christoph Lehmann _929051 |
|
| 942 |
_2lcc _cB |
||
| 999 |
_c10936 _d10936 |
||